Wymień państwa EURO 2024 - Statystyki

Ogólne statystyki
  • Ten quiz został rozwiązany 220 razy
  • Średni wynik to 22 z 24
Statystyki odpowiedzi
GRUPA A % Poprawnych
Polska
100%
Francja
98%
Niemcy
98%
Austria
97%
Hiszpania
96%
Włochy
96%
Holandia
95%
Portugalia
95%
Ukraina
94%
Anglia
92%
Słowacja
92%
Słowenia
92%
Chorwacja
91%
Czechy
91%
Szwajcaria
91%
Turcja
90%
Węgry
89%
Belgia
88%
Albania
86%
Szkocja
86%
Dania
85%
Rumunia
85%
Serbia
85%
Gruzja
77%
Nie znaleziono quizów pasujących do podanych kryteriów
Rozkład punktacji
Procent ludzi z każdym wynikiem
Percentyl według liczby udzielonych odpowiedzi
Twoja historia wyników
Nie rozwiązałeś tego quizu